Представление документа в формате MARC21

ПолеНазваниеЗначение
  Тип записи a
  Библиографический уровень m
001 Контрольный номер RU\infra-m\znanium\bibl\2234273
005 Дата корректировки 20260429142135.7
008 Кодируемые данные 260120s2025 RU g rus u
020 Индекс ISBN __
a ISBN 978-5-9614-5831-2
040 Источник каталогиз. __
a Служба первич. каталог. Общество с ограниченной ответственностью «ЗНАНИУМ»
041 Код языка издания __
a Код языка текста rus
044 Код страны публикации __
a Код страны публикации RU
080 Индекс УДК __
a Индекс УДК 640
084 Индекс другой классификации/Индекс ББК __
2 Источник индекса rubbk
a Индекс другой классификации/Индекс ББК 3727
084 Индекс другой классификации/Индекс ББК __
2 Источник индекса okso
a Индекс другой классификации/Индекс ББК 37.03.01
100 Автор __
a Автор Доланд Э.
q Полное имя Доланд Эрин
245 Заглавие __
a Заглавие Всё по полочкам: Как избавиться от беспорядка, даже если у вас нет времени
b Продолж. заглавия Практическое пособие
250 Сведения об издании __
a Основные сведения об издании 1
260 Выходные данные __
a Место издания Москва
b Издательство ООО "Альпина Паблишер"
c Дата издания 2026
300 Физическое описание __
a Объем 264 с.
520 Аннотация __
a Аннотация Думаете у вас нет времени чтобы лучше организовать свое пространство? А вот Эрин Доланд точно знает что даже одной свободной минутки хватит чтобы начать борьбу с хаосом. Если вы последуете ее советам то обнаружите что легко можете уследить за каждым уголком в доме. Не важно справляетесь ли вы с беспорядком за тридцать секунд или посвящаете много времени тщательной уборке каждой комнаты из книги вы узнаете как управлять своим временем и разгребать завалы максимально эффективно. Вы научитесь избавляться от отвлекающих вас раздражителей сможете защитить себя от стресса и излишних нагрузок и посвятить свое время тому что действительно важно для вас.
521 Примеч. о цел. назн. __
a Примеч. о целев. назн. Дополнительное образование
650 Тематические рубрики __
a Основная рубрика Психология
x Основная подрубрика Популярная литература по психологии
655 Указ. предметных рубрик (устаревшее) __
a Жанр/ форма (устаревшее) Практическое пособие
856 Электронный адрес документа 4_
a Имя сервера/домена znanium.ru
m Помощь ebs_support@infra-m.ru
n Местонахождение сервера НИЦ ИНФРА-М
u URL https://znanium.ru/catalog/document?id=473094
856 Электронный адрес документа 48
a Имя сервера/домена znanium.ru
d Путь /cover/2234
f Электронное имя 2234273.jpg
q Тип электронного формата image/jpeg
u URL https://znanium.ru/cover/2234/2234273.jpg
911 __
u 0030=https://znanium.ru/catalog/document?id=473094